000 008910000a22002050004500
001 12179
020 _a958-97398-9-X
041 0 _aSPA
082 0 4 _aG 253.52 B294s
100 1 _aBartsch, Karl
245 1 0 _aSanidad del estrés y del trauma : Restaurar relaciones, Empoderar a personar, Recuperar la fe, la esperanza y el sentido de la vida / Karl y Evelyn Bartsch; Henry Góngora G., Traductor
260 _aBogotá : Clara-Semilla
300 _a248 Pag
500 _aTítulo en inglés : Stress & Truma Healing a manual for caregivers
505 0 0 _aProcesos de sanidad de víctimas - Procesos para el sanador herido Apéndices : El ciclo de aprendizaje - El árbol de su vida - Plan del consejero(a) para ofrecer sanidad del estrés y del trauma
942 _cBK
999 _c41205
_d41205
336 _atexto
_btxt
_2rdacontent
337 _2rdamedia
_asin mediación
_bn
338 _2rdacarrier
_avolumen
_bnc